| 000 | 00604cam a2200217 4500 | ||
|---|---|---|---|
| 008 | 000000n2001 000 0 eng u | ||
| 020 | _a0415256410 | ||
| 035 | _a(Sirsi) u112719 | ||
| 050 | _a692.5 | ||
| 100 | _aSpain, Bryan | ||
| 245 | _aSpon's estimating costs guide to plumbing and heating : project costs at a glance. | ||
| 260 |
_aLondon _bSpon Press _c2001 |
||
| 300 | _axx,251 ; 22cm. | ||
| 350 | _a24.99 | ||
| 650 | _aBUILDING PRICE BOOKS | ||
| 650 | _aRAINWATER GOODS | ||
| 650 | _aBATHROOMS | ||
| 650 | _aWATER SUPPLY | ||
| 690 | _aBUILT ENVIRONMENT-BUILDING COSTS | ||
| 942 | _n0 | ||
| 999 |
_c101463 _d101463 |
||